00490nam a2200193Ia 4500008004100000020001800041050001400059100002200073245002000095245006100115260001500176260001600191260000900207300001500216300002700231300001000258440002000268500000800288170918s9999 xx 000 0 und d a9780545458450 bG812 2011 aGreene, Stephanie aNext-door dog / cStephanie Greene ; illustrated by Stephanie Roth Sisson. aNew York : bScholastic, c2011 a83 pages : bcolored illustration ; c19cm. aPrincess Posey. a300